000 00312 a2200157 4500
001 162685
020 _a85-86295-03-5
040 _cMagnum
100 _aGuedes, Hardy
240 1 0 _aXakxó
_lpor
245 1 0 _aXakxó
300 _a24
362 0 _a1997
697 _aLITERATURA INFANTO-JUVENIL
942 _cBK
999 _c162685
_d162685